| 000 | 00695cab a2200241 4500 | ||
|---|---|---|---|
| 001 | WB3418-33 | ||
| 008 | 090401t1998 xxu||||| |||| 00| 0 eng d | ||
| 035 | _a(Sirsi) u86199 | ||
| 041 | _aeng | ||
| 245 | _aQuarrying pledge | ||
| 260 | _c1998 | ||
| 350 | _a0 | ||
| 490 |
_aDETR News Release _v(362/env) 12 May 1998 (4) |
||
| 520 | _aGovernment has pledged to address the environmental damage caused by quarrying. Details. | ||
| 650 | _aAGGREGATES TAX | ||
| 650 | _aENVIRONMENTAL DAMAGE | ||
| 650 | _aENVIRONMENTAL IMPACT ASSESSMENTS | ||
| 650 | _aMINERALS PLANNING GUIDANCE NOTE SIX | ||
| 650 | _aQUARRYING | ||
| 690 | _aMINING AND MINERALS | ||
| 942 | _n0 | ||
| 948 | _c14/05/1998 | ||
| 999 |
_c54221 _d54221 |
||